Countries Described as Clickbait Headlines - Statistics

General Stats
  • This quiz has been taken 19 times
  • The average score is 10 of 15
Answer Stats
Breaking News! Country % Correct
This Country Conquered the World For Spices — Puts Beans on Toast United Kingdom
100%
Saw The Sun Rise Twice And Now Makes Anime Japan
94%
A Colony of America In Africa! What's Next? Liberia
88%
A US State Shadows This Country With The Same Name! Georgia
82%
Ever Try to Start A War With Birds? Well This Country Did — And Lost! Australia
71%
What Happens In "The Land Of 10 Million Lakes"? — Find Out Here! Canada
71%
Once the Second Largest Empire in History — Now Nobody Lives There Mongolia
71%
It Was Invaded — Started Another World War Poland
71%
Who Was The Successor To The USSR? This Country Thinks They Are Russia
71%
Oil, Cartels, and A Missing President — What Happens Next? Venezuela
71%
The Old Chinese Government Fled Here — Is It Safe? Taiwan
65%
They Say They Kill Empires — Were They Right? Afghanistan
59%
This European Country Got Rid of Their Monarch — Traded for an Emperor! France
53%
This Country Sat Down For Independence — Find Out What Happened! India
53%
This Country Wanted Beaches — And They Got A Lot of It! Chile
18%
No matching quizzes found
Score Distribution
Percent of People with Each Score
Percentile by Number Answered
Your Score History
You have not taken this quiz